Normal view
MARC view
- النجار ، فايز جمعة
Entry Personal Name
001 - CONTROL NUMBER
- control field: 28263
003 - CONTROL NUMBER IDENTIFIER
- control field: JO-AjAnu
005 - DATE AND TIME OF LATEST TRANSACTION
- control field: 20230606074806.0
008 - FIXED-LENGTH DATA ELEMENTS
- fixed length control field: 230606|| aca||aabn | a|a d
040 ## - CATALOGING SOURCE
- Original cataloging agency: JO-AjAnu
- Transcribing agency: JO-AjAnu
100 ## - HEADING--PERSONAL NAME
- Personal name: النجار ، فايز جمعة
670 ## - SOURCE DATA FOUND
- Source citation: Work cat.: (JO-AjAnu)14508: النجار ، فايز جمعة , author, المرجع الشامل في نظم المعلومات الادارية=management information systems Perspictive MIS